Statistics for Football Random Things

Click here to take the quiz!

General Stats

  • This quiz has been taken 8 times
  • The average score is 24 of 38

Answer Stats

HintAnswer% Correct
Team with no Super Bowl wins but made it to the Super Bowl 4 times in a rowBuffalo Bills
100%
Hall of Famers from the same area in western PennsylvaniaJoe Montana
100%
Nicknamed "Joe Cool"Joe Montana
100%
Has the most Super Bowl winsTom Brady
100%
Teams that have never been to a Super BowlDetroit Lions
88%
Teams that have never been to a Super BowlHouston Texans
88%
Quarterback for the first team to win the Super BowlBart Starr
75%
Who are the only #1 draft picks out of Virginia TechBruce Smith
75%
Football team with the most Hall of FamersChicago Bears
75%
Teams that have never been to a Super BowlCleveland Browns
75%
Coach with the most winsDon Shula
75%
The Super Bowl triplets of the CowboysEmmitt Smith
75%
Quarterback backup to Jim Kelly who made the largest comeback in NFL history who later became a coachFrank Reich
75%
Teams that have never been to a Super BowlJacksonville Jaguars
75%
The Super Bowl triplets of the CowboysMichael Irvin
75%
Who are the only #1 draft picks out of Virginia TechMichael Vick
75%
Hall of Fame KickersMorten Andersen
75%
What player was nicknamed the Minister of DefenseReggie White
75%
The Super Bowl triplets of the CowboysTroy Aikman
75%
Player with the 2nd most Super Bowl winsCharles Haley
63%
Hall of Fame KickersJan Stenerud
63%
The Super Bowl triplets of the BroncosJohn Elway
63%
The Super Bowl triplets of the BroncosShannon Sharpe
63%
The Super Bowl triplets of the BroncosTerrell Davis
63%
Hall of Famers from the same area in western PennsylvaniaDan Marino
50%
Hall of Fame KickersGeorge Blanda
50%
Hall of Famers from the same area in western PennsylvaniaGeorge Blanda
50%
Hall of Famers from the same area in western PennsylvaniaJoe Namath
50%
Hall of Famers that are in the Hall of Fame for coaching and playingMike Ditka
50%
Player who threw the first Hail MaryRoger Staubach
50%
College with the most Pro Football Hall of FamersUniversity of Southern California
50%
Hall of Famers from the same area in western PennsylvaniaJim Kelly
38%
Hall of Famers that are in the Hall of Fame for coaching and playingTom Landry
38%
Nicknamed "Ball Hawk"Ed Reed
25%
Hall of Famers from the same area in western PennsylvaniaJohnny Unitas
25%
Hall of Fame KickersLou Groza
25%
What company sponsors 2 stadiumsMercedes-Benz
25%
First lefty to make it to the Hall of FameSteve Young
25%

Score Distribution

Percentile by Number Answered

Percent of People with Each Score

Your Score History

You have not taken this quiz